000 006040000a22001810004500
003 MACL
005 20160611141941.0
008 160611b xxu||||| |||| 00| 0 eng d
040 _aMACL
_cMACL
041 _aHindi
082 _a800
100 _aडॉ मिश्र, गार्गीशरण
_964366
245 _aपरिस्थितियों का शीर्षासन
_cडॉ गार्गीशरण मिश्र
260 _bविकास प्रकाशन
_c1997
_aकानपुर
350 _a80
650 _aLiteracture
_964367
942 _cHIN
_k800
_2ddc
999 _c29580
_d29580